000
00228nam a22000857a 4500
008
160924b xxu||||| |||| 00| 0 eng d
100
_9
720
_a
Sinha.S.K
245
_a
Three Men in a Boat
260
_a
New Delhi
_b
S. Chand Publications
_c
2014
999
_c
3377
_d
3377